[Event "FIDE WAC U2000 2021"]
[Site "Rhodes"]
[Date "2021.10.17"]
[Round "1.1"]
[White "Mohamed Saeed Laily"]
[Black "De Joya, Florian"]
[Result "1-0"]
[WhiteElo "1996"]
[BlackElo "1832"]
[Annotator "ChessBase"]
[PlyCount "85"]
[EventDate "2021.10.17"]
[EventType "swiss"]
[EventCountry "GRE"]
[SourceTitle "playchess.com"]
[Source "ChessBase"]
[SourceQuality "1"]
[TimeControl "5400+30"]

1. d4 {[%emt 0:00:02]} Nf6 {[%emt 0:00:50]} 2. Nc3 {[%emt 0:00:08]} d5 {[%emt 0:01:42]} 3. Bf4 {[%emt 0:00:07]} a6 {[%emt 0:04:09]} 4. e3 {[%emt 0:00:16]} g6 {[%emt 0:01:08]} 5. h3 {[%emt 0:02:46]} Bg7 {[%emt 0:00:20]} 6. Nf3 {[%emt 0:00:25]} O-O {[%emt 0:00:44]} 7. Be2 {[%emt 0:00:51]} c5 {[%emt 0:03:26]} 8. dxc5 {[%emt 0:04:42]} Qa5 {[%emt 0:02:33]} 9. O-O {[%emt 0:02:58]} Rd8 {[%emt 0:01:58]} 10. Ne5 {[%emt 0:13:07]} Qxc5 {[%emt 0:06:11]} 11. Qd4 {[%emt 0:03:34]} Qxd4 {[%emt 0:12:57]} 12. exd4 {[%emt 0:00:03]} e6 {[%emt 0:06:34]} 13. a4 {[%emt 0:21:01]} Nfd7 {[%emt 0:05:18]} 14. Nf3 {[%emt 0:04:47]} Nc6 {[%emt 0:00:29]} 15. Rfd1 {[%emt 0:02:04]} b6 {[%emt 0:03:04]} 16. Na2 {[%emt 0:04:06]} Bb7 {[%emt 0:08:49]} 17. c3 {[%emt 0:00:54]} Rac8 {[%emt 0:02:47]} 18. b4 {[%emt 0:03:44]} e5 {[%emt 0:03:31]} 19. Bh2 {[%emt 0:08:08]} e4 {[%emt 0:06:43]} 20. Nd2 {[%emt 0:01:28]} Ne7 {[%emt 0:01:10]} 21. Nb3 {[%emt 0:00:42]} Nc6 {[%emt 0:09:21]} 22. Bf4 {[%emt 0:02:01]} h6 {[%emt 0:01:50]} 23. g4 {[%emt 0:04:53]} Re8 {[%emt 0:01:55]} 24. Rab1 {[%emt 0:03:43]} g5 {[%emt 0:03:54]} 25. Bg3 {[%emt 0:00:55]} Ra8 {[%emt 0:00:56]} 26. b5 {[%emt 0:07:14]} axb5 {[%emt 0:04:57]} 27. Bxb5 {[%emt 0:00:02]} Bf8 {[%emt 0:02:09]} 28. Nb4 {[%emt 0:02:53]} Nxb4 {[%emt 0:01:47]} 29. cxb4 {[%emt 0:00:14]} Bc8 {[%emt 0:01:35]} 30. a5 {[%emt 0:02:55]} Bxb4 {[%emt 0:01:45]} 31. axb6 {[%emt 0:00:20]} Re7 {[%emt 0:00:01]} 32. Bc6 {[%emt 0:00:48]} Nxb6 {[%emt 0:00:20]} 33. Bxa8 {[%emt 0:00:12]} Nxa8 {[%emt 0:00:07]} 34. Nc5 {[%emt 0:00:32]} Bxc5 {[%emt 0:01:54]} 35. dxc5 {[%emt 0:00:01]} Rb7 {[%emt 0:00:32]} 36. c6 {[%emt 0:01:24]} Rb6 {[%emt 0:00:13]} 37. Rxb6 {[%emt 0:00:21]} Nxb6 {[%emt 0:00:01]} 38. Rb1 {[%emt 0:00:11]} Nc4 {[%emt 0:00:46]} 39. Rb8 {[%emt 0:00:10]} Nd2 {[%emt 0:00:16]} 40. Rxc8+ {[%emt 0:00:11]} Kh7 {[%emt 0:00:02]} 41. Rd8 {[%emt 0:00:22]} d4 {[%emt 0:00:04]} 42. c7 {[%emt 0:00:21]} Nf3+ {[%emt 0:00:21]} 43. Kf1 {[%emt 0:00:34]} 1-0

[Event "FIDE WAC U2000 2021"]
[Site "Rhodes"]
[Date "2021.10.17"]
[Round "1.4"]
[White "Kovalskyi, Roman"]
[Black "Silva Hernandez, Jesus Arturo"]
[Result "1-0"]
[WhiteElo "1815"]
[BlackElo "1975"]
[Annotator "ChessBase"]
[PlyCount "90"]
[EventDate "2021.10.17"]
[EventType "swiss"]
[EventCountry "GRE"]
[SourceTitle "playchess.com"]
[Source "ChessBase"]
[SourceQuality "1"]
[TimeControl "5400+30"]

1. e4 {[%emt 0:00:07]} c5 {[%emt 0:00:03]} 2. b3 {[%emt 0:00:23]} Nc6 {[%emt 0:00:52]} 3. Bb2 {[%emt 0:01:15]} Nf6 {[%emt 0:01:30]} 4. Nc3 {[%emt 0:10:40]} g6 {[%emt 0:00:15]} 5. Bc4 {[%emt 0:02:52]} Bg7 {[%emt 0:00:49]} 6. d3 {[%emt 0:00:08]} O-O {[%emt 0:05:14]} 7. Nge2 {[%emt 0:18:49]} e6 {[%emt 0:02:36]} 8. d4 {[%emt 0:02:25]} d5 {[%emt 0:02:53]} 9. exd5 {[%emt 0:00:15]} exd5 {[%emt 0:00:01]} 10. Bd3 {[%emt 0:06:15]} cxd4 {[%emt 0:28:09]} 11. Nb5 {[%emt 0:00:21]} Ne4 {[%emt 0:00:30]} 12. Nbxd4 {[%emt 0:12:48]} Qa5+ {[%emt 0:01:20]} 13. Kf1 {[%emt 0:01:53]} Qc5 {[%emt 0:06:01]} 14. Bb5 {[%emt 0:10:13]} Nxd4 {[%emt 0:00:31]} 15. Nxd4 {[%emt 0:00:09]} Bxd4 {[%emt 0:00:05]} 16. Qxd4 {[%emt 0:00:19]} Qxd4 {[%emt 0:14:39]} 17. Bxd4 {[%emt 0:00:06]} Be6 {[%emt 0:00:19]} 18. Bd3 {[%emt 0:03:01]} Nd6 {[%emt 0:02:11]} 19. c3 {[%emt 0:05:28]} Rfc8 {[%emt 0:00:25]} 20. f3 {[%emt 0:01:54]} a5 {[%emt 0:04:58]} 21. a4 {[%emt 0:01:40]} Bf5 {[%emt 0:00:02]} 22. Be2 {[%emt 0:05:24]} Bc2 {[%emt 0:01:24]} 23. Ra3 {[%emt 0:00:01]} Nf5 {[%emt 0:02:14]} 24. Be5 {[%emt 0:00:28]} Re8 {[%emt 0:01:27]} 25. Bf4 {[%emt 0:00:49]} Rac8 {[%emt 0:04:21]} 26. Bb5 {[%emt 0:02:34]} Re6 {[%emt 0:02:17]} 27. Bd2 {[%emt 0:04:07]} Ne3+ {[%emt 0:07:05]} 28. Kf2 {[%emt 0:00:25]} Nd1+ {[%emt 0:00:20]} 29. Kg3 {[%emt 0:00:25]} Nxc3 {[%emt 0:05:51]} 30. Bd7 {[%emt 0:05:31]} Re2 {[%emt 0:00:01]} 31. Bxc8 {[%emt 0:00:10]} Rxd2 {[%emt 0:00:07]} 32. Bxb7 {[%emt 0:01:14]} Ne2+ {[%emt 0:01:07]} 33. Kf2 {[%emt 0:00:55]} Nd4+ {[%emt 0:02:31]} 34. Ke3 {[%emt 0:00:37]} Rd3+ {[%emt 0:00:04]} 35. Kf4 {[%emt 0:00:02]} Nxb3 {[%emt 0:00:58]} 36. Ra2 {[%emt 0:00:34]} Rd4+ {[%emt 0:02:45]} 37. Ke5 {[%emt 0:01:04]} Bf5 {[%emt 0:00:14]} 38. Bxd5 {[%emt 0:00:22]} Rb4 {[%emt 0:01:12]} 39. Rb2 {[%emt 0:01:10]} Nc5 {[%emt 0:00:37]} 40. Rxb4 {[%emt 0:00:02]} axb4 {[%emt 0:00:13]} 41. a5 {[%emt 0:00:15]} b3 {[%emt 0:00:32]} 42. Kd6 {[%emt 0:00:32]} b2 {[%emt 0:00:30]} 43. Kxc5 {[%emt 0:00:07]} b1=Q {[%emt 0:00:23]} 44. Rxb1 {[%emt 0:00:04]} Bxb1 {[%emt 0:00:01]} 45. a6 {[%emt 0:00:05]} Be4 {[%emt 0:01:07]} 1-0

[Event "FIDE WAC U2000 2021"]
[Site "Rhodes"]
[Date "2021.10.17"]
[Round "1.5"]
[White "Mandukhai, Myagmarsuren"]
[Black "Castillo Pena, Patricia Evarista"]
[Result "1-0"]
[WhiteElo "1966"]
[BlackElo "1794"]
[Annotator "ChessBase"]
[PlyCount "145"]
[EventDate "2021.10.17"]
[EventType "swiss"]
[EventCountry "GRE"]
[SourceTitle "playchess.com"]
[Source "ChessBase"]
[SourceQuality "1"]
[TimeControl "5400+30"]

1. d4 {[%emt 0:00:03]} d5 {[%emt 0:00:19]} 2. c4 {[%emt 0:00:06]} c6 {[%emt 0:00:09]} 3. Nc3 {[%emt 0:00:10]} Nf6 {[%emt 0:00:12]} 4. e3 {[%emt 0:00:10]} e6 {[%emt 0:00:37]} 5. Nf3 {[%emt 0:01:35]} Nbd7 {[%emt 0:01:11]} 6. Qc2 {[%emt 0:00:05]} Bd6 {[%emt 0:01:25]} 7. b3 {[%emt 0:00:58]} O-O {[%emt 0:00:33]} 8. Be2 {[%emt 0:00:21]} b6 {[%emt 0:00:34]} 9. O-O {[%emt 0:00:49]} Bb7 {[%emt 0:02:07]} 10. Bb2 {[%emt 0:00:45]} Qe7 {[%emt 0:00:43]} 11. Rad1 {[%emt 0:01:14]} Rad8 {[%emt 0:01:53]} 12. Rfe1 {[%emt 0:01:07]} Rfe8 {[%emt 0:00:18]} 13. g3 {[%emt 0:04:34]} a6 {[%emt 0:00:18]} 14. Bf1 {[%emt 0:05:56]} c5 {[%emt 0:06:56]} 15. cxd5 {[%emt 0:04:05]} exd5 {[%emt 0:05:11]} 16. Bg2 {[%emt 0:05:02]} Nf8 {[%emt 0:42:11]} 17. Nh4 {[%emt 0:12:32]} g6 {[%emt 0:03:56]} 18. dxc5 {[%emt 0:38:51]} bxc5 {[%emt 0:03:58]} 19. Nf3 {[%emt 0:16:17]} Ne6 {[%emt 0:06:21]} 20. Ba1 {[%emt 0:00:59]} Qd7 {[%emt 0:17:48]} 21. Ne2 {[%emt 0:02:17]} Ne4 {[%emt 0:00:18]} 22. Qb2 {[%emt 0:00:32]} f6 {[%emt 0:00:34]} 23. Nc3 {[%emt 0:00:16]} Nxc3 {[%emt 0:00:43]} 24. Qxc3 {[%emt 0:00:02]} d4 {[%emt 0:00:33]} 25. exd4 {[%emt 0:01:05]} Bxf3 {[%emt 0:02:29]} 26. Qxf3 {[%emt 0:00:22]} Nxd4 {[%emt 0:00:24]} 27. Bxd4 {[%emt 0:00:40]} Rxe1+ {[%emt 0:00:18]} 28. Rxe1 {[%emt 0:00:06]} cxd4 {[%emt 0:00:07]} 29. Qxf6 {[%emt 0:01:20]} Bf8 {[%emt 0:01:17]} 30. Bh3 {[%emt 0:01:02]} Bg7 {[%emt 0:00:22]} 31. Be6+ {[%emt 0:00:26]} Kh8 {[%emt 0:00:06]} 32. Qf4 {[%emt 0:01:29]} Qd6 {[%emt 0:01:11]} 33. Qxd6 {[%emt 0:00:17]} Rxd6 {[%emt 0:00:01]} 34. Bc4 {[%emt 0:00:09]} h5 {[%emt 0:00:43]} 35. Re6 {[%emt 0:01:17]} Rxe6 {[%emt 0:00:15]} 36. Bxe6 {[%emt 0:00:05]} Kh7 {[%emt 0:00:25]} 37. Kf1 {[%emt 0:00:12]} a5 {[%emt 0:00:08]} 38. Ke2 {[%emt 0:00:09]} Kh6 {[%emt 0:00:07]} 39. Kd3 {[%emt 0:00:17]} Kg5 {[%emt 0:00:11]} 40. Kc4 {[%emt 0:00:27]} Kf6 {[%emt 0:00:13]} 41. Bd5 {[%emt 0:00:14]} Kf5 {[%emt 0:00:55]} 42. f3 {[%emt 0:00:17]} g5 {[%emt 0:00:41]} 43. Be4+ {[%emt 0:00:40]} Ke5 {[%emt 0:00:02]} 44. Bg6 {[%emt 0:00:30]} h4 {[%emt 0:00:16]} 45. Kb5 {[%emt 0:00:47]} Kd5 {[%emt 0:01:12]} 46. Kxa5 {[%emt 0:00:15]} Be5 {[%emt 0:00:36]} 47. gxh4 {[%emt 0:01:28]} gxh4 {[%emt 0:00:07]} 48. h3 {[%emt 0:00:06]} Kc5 {[%emt 0:01:26]} 49. Bd3 {[%emt 0:00:17]} Bc7+ {[%emt 0:00:18]} 50. Ka4 {[%emt 0:00:22]} Bd6 {[%emt 0:00:56]} 51. b4+ {[%emt 0:00:12]} Kd5 {[%emt 0:00:40]} 52. Kb3 {[%emt 0:00:53]} Ke5 {[%emt 0:00:12]} 53. a4 {[%emt 0:01:11]} Kf4 {[%emt 0:00:01]} 54. Kc4 {[%emt 0:01:05]} Kg3 {[%emt 0:00:54]} 55. Bf5 {[%emt 0:00:22]} Kf4 {[%emt 0:00:46]} 56. Bh7 {[%emt 0:00:47]} Kg3 {[%emt 0:00:03]} 57. b5 {[%emt 0:00:48]} Kxh3 {[%emt 0:00:04]} 58. Bf5+ {[%emt 0:00:06]} Kg3 {[%emt 0:00:02]} 59. b6 {[%emt 0:00:19]} Kf4 {[%emt 0:00:31]} 60. Bd7 {[%emt 0:01:06]} Ke3 {[%emt 0:00:04]} 61. a5 {[%emt 0:00:06]} d3 {[%emt 0:00:26]} 62. a6 {[%emt 0:00:20]} d2 {[%emt 0:00:04]} 63. Ba4 {[%emt 0:00:03]} h3 {[%emt 0:00:05]} 64. a7 {[%emt 0:00:04]} h2 {[%emt 0:00:13]} 65. a8=Q {[%emt 0:00:08]} h1=Q {[%emt 0:00:17]} 66. Qe4+ {[%emt 0:00:15]} Kf2 {[%emt 0:00:06]} 67. Qd4+ {[%emt 0:00:06]} Ke2 {[%emt 0:00:27]} 68. Qd3+ {[%emt 0:00:04]} Kf2 {[%emt 0:00:17]} 69. Qxd2+ {[%emt 0:00:05]} Kg3 {[%emt 0:00:07]} 70. Qxd6+ {[%emt 0:00:04]} Kf2 {[%emt 0:00:12]} 71. Qd4+ {[%emt 0:00:11]} Kg3 {[%emt 0:00:09]} 72. b7 {[%emt 0:00:51]} Qc1+ {[%emt 0:00:15]} 73. Kd5 {[%emt 0:00:08]} 1-0

[Event "FIDE WAC U2000 2021"]
[Site "Rhodes"]
[Date "2021.10.18"]
[Round "2.1"]
[White "Spanos, Nomikos"]
[Black "Mohamed Saeed Laily"]
[Result "0-1"]
[WhiteElo "1853"]
[BlackElo "1996"]
[Annotator "TA"]
[PlyCount "94"]
[EventDate "2021.10.17"]
[EventType "swiss"]
[EventCountry "GRE"]
[SourceTitle "playchess.com"]
[Source "ChessBase"]
[SourceQuality "1"]

{[%evp 9,94,30,64,23,39,33,51,31,31,39,47,47,37,44,54,7,16,-56,-56,-150,-155,-147,-131,-193,-194,-191,-199,-189,-100,-139,-72,-85,-77,-68,-83,-185,-166,-184,-178,-213,-202,-221,0,0,0,-657,-662,-668,-666,-673,-661,-660,-651,-654,-647,-706,-686,-708,-717,-778,-762,-760,-745,-807,-800,-826,-726,-893,-793,-983,-974,-974,-978,-1094,-1078,-1077,-1077,-1703,-1688,-1519,-1530,-29983,-29984,-29985,-29986,-29986,-29979]} 1. Nf3 d5 2. g3 Nc6 3. d4 Bf5 4. Bg2 Nb4 5. Na3 h6 6. O-O {D02: 1 d4 d5 2 Nf3 sidelines, including 2...Nf6 3 g3 and 2...Nf6 3 Bf4.} c6 7. c3 Na6 8. Ne5 {e4! is the strong threat.White is slightly better.} Nf6 9. f3 e6 10. e4 Bh7 11. exd5 Nxd5 {[#] With the idea ...Bxa3.} 12. c4 $146 ({Predecessor:} 12. Qb3 Rb8 13. Re1 Be7 14. Bf1 Nac7 15. Nc2 O-O 16. c4 Nf6 17. Be3 Na6 18. a3 {0-1 (86) Lajthajm,B (2477)-Miladinovic,I (2558) Paracin 2013}) 12... Nf6 13. b3 (13. f4 $11) 13... Qa5 $1 $15 {[%cal Ra5c3] White must now prevent ...Qc3.} 14. c5 {[#]} (14. Nb1 $1 $15) 14... Qc3 $1 $17 {[%cal Rc3a1]} 15. Bf4 {Threatening Rc1.} Rd8 {Threatens to win with ...Bxc5!} 16. Rc1 (16. Nac4 $17 {might work better.}) 16... Qxd4+ $19 17. Qxd4 Rxd4 18. Be3 {[#]} Rd5 (18... Rd8 $1 $19 {aiming for ...Nd5.} 19. Bf2 Nd5) 19. f4 $17 Bxc5 (19... Ne4 $142 {[%cal Ra6c5]} 20. Rc4 Nd2 21. Bxd5 Nxf1 22. Bxc6+ bxc6 23. Kxf1 f6 24. Nxc6 Bd3+ {[%mdl 64] Double Attack} 25. Kf2 Bxc4 26. Nxc4 Bxc5 27. Nxa7 Kd7) 20. Bxc5 Rxc5 21. Nac4 Ke7 22. Rcd1 (22. a3 $17) 22... Nd5 $19 23. a3 Bc2 24. Rd2 Bxb3 25. Rb1 Bxc4 (25... Rxc4 $19 26. Nxc4 Bxc4 27. Rxb7+ Kf6) 26. Rxb7+ $11 Nac7 27. Bxd5 $4 {[%mdl 8192] White is now going downhill.} (27. Rxc7+ $11 Nxc7 28. Rd7+ Kf8 29. Rxc7 Rxe5 30. fxe5) 27... cxd5 $19 28. Rxa7 Rb8 29. Kf2 f6 30. Nf3 Ra8 31. Rxa8 Nxa8 32. Nd4 Nc7 33. a4 g6 34. Rb2 e5 35. fxe5 fxe5 36. Nf3 Kf6 37. h4 Ra5 38. g4 Ne6 39. Rb6 Ra6 40. Rb4 e4 41. Nd2 Bd3 42. Nb3 Ke5 43. a5 d4 44. Kg3 e3 {( -> ...e2)} 45. Kf3 Be4+ {Black mates.} 46. Ke2 Nf4+ 47. Kd1 e2+ {Weighted Error Value: White=0.52/Black=0.19} 0-1

[Event "FIDE WAC U2000 2021"]
[Site "Rhodes"]
[Date "2021.10.18"]
[Round "2.2"]
[White "Astrelin, Evgeny"]
[Black "Rudecki, Bartosz"]
[Result "1/2-1/2"]
[WhiteElo "1980"]
[BlackElo "1859"]
[Annotator "TA"]
[PlyCount "94"]
[EventDate "2021.10.17"]
[EventType "swiss"]
[EventCountry "GRE"]
[SourceTitle "playchess.com"]
[Source "ChessBase"]
[SourceQuality "1"]

{[%evp 9,94,0,17,0,26,29,131,21,32,26,46,28,16,19,71,68,100,98,210,190,215,45,49,0,0,-20,-18,-18,10,0,0,0,0,0,0,0,0,0,0,0,0,0,0,0,0,0,94,0,0,-285,-294,-291,-264,-282,-184,-278,-260,-379,-343,-360,-352,-346,-261,-381,-331,-455,-456,-503,-490,-29974,-29978,-29977,-29979,-29979,-29980,-29976,-29981,-29978,-29978,-29978,-29979,-29979,-29980,-29979,-29979,-29990,-29991]} 1. d4 Nf6 2. c4 c5 3. d5 b5 4. a4 Qa5+ 5. Bd2 b4 6. Qc2 {A57: Benko/Volga Gambit.} e6 7. e4 exd5 (7... Qd8 $11) 8. exd5 ({White should try} 8. e5 $16) 8... d6 $11 9. Bd3 {[#]} Be7 $146 ({Predecessor:} 9... g6 10. Ne2 Bg7 11. h3 Nbd7 12. f4 Qd8 13. O-O O-O 14. Ra2 Nh5 15. g4 Nhf6 {0-1 (42) Schaeken,Y (1916)-Van Lishout,F (2086) Eupen 2008}) 10. Ne2 Nbd7 11. f4 Nf8 (11... O-O $11 {keeps the balance.}) 12. O-O Bg4 13. Ng3 O-O-O (13... Qd8 $16 {is a better defense.}) 14. Re1 $18 Qc7 15. Bf5+ $2 (15. h3 $18 Bh5 16. Nf5 {[%mdl 64] Double Attack}) 15... Kb8 $14 16. Qd3 Ng6 {[%cal Bf8g6,Bg6e7,Be7f5][%mdl 32]} 17. h3 Bxf5 18. Nxf5 Rhg8 19. Nxe7 Nxe7 20. Be3 Qd7 21. Nd2 Nf5 22. Bf2 g5 23. fxg5 Rxg5 {Strongly threatening ...Rdg8.} 24. Nf3 Rg6 25. Nh4 Nxh4 26. Bxh4 {Black must now prevent Qf3.} Rdg8 27. Re2 Nh5 (27... Ne4 $1 $11 {remains equal.}) 28. Qf3 (28. Rf1 $16) 28... Ng3 $36 {[%mdl 2048] Black has the initiative.} 29. Rae1 {[%mdl 8192]} (29. Bxg3 $11 Rxg3 30. Qf6) 29... Nxe2+ $19 30. Rxe2 Qxa4 {[#] Hoping for ...Qd1+.} 31. Kh2 Re8 32. Rf2 (32. Be7 $142 Kc8 33. Qxf7) 32... Qd7 33. b3 (33. Qd3 $142) 33... f5 34. Bg3 Reg8 35. Bf4 Qg7 36. Qe2 (36. h4 $142) 36... h5 37. Qa2 Qd4 38. Qe2 h4 39. Qa2 {[#]} (39. Kh1 $19) 39... Rxg2+ $3 {[%mdl 512] Black mates.} 40. Rxg2 Qxf4+ {[%mdl 4096] Endgame KQR-KQR} 41. Kg1 Qe3+ 42. Kh2 Rg3 43. Rxg3 Qxg3+ 44. Kh1 Qxh3+ 45. Kg1 Qg3+ 46. Kf1 Qf3+ 47. Ke1 Qh1+ {[%mdl 32768] Never resign too early!  Weighted Error Value: White=0.56/Black=0.22. An unexpected result.} 1/2-1/2

[Event "FIDE WAC U2000 2021"]
[Site "Rhodes"]
[Date "2021.10.18"]
[Round "2.3"]
[White "Golubev, Viktor A."]
[Black "Dogu, Hasim"]
[Result "0-1"]
[WhiteElo "2376"]
[BlackElo "1852"]
[Annotator "TA"]
[PlyCount "92"]
[EventDate "2021.10.17"]
[EventType "swiss"]
[EventCountry "GRE"]
[SourceTitle "playchess.com"]
[Source "ChessBase"]
[SourceQuality "1"]

{[%evp 9,92,-17,2,0,9,0,3,-8,-14,-28,0,-11,-9,-31,-22,-24,-22,-41,-31,-31,-22,-15,-15,-14,-16,-29,-8,-4,0,0,0,0,0,-21,40,39,38,-25,-21,-56,0,-6,97,74,81,74,177,183,348,351,343,344,337,310,475,468,461,461,456,456,438,83,239,239,216,0,64,0,226,45,26,26,191,181,173,97,214,8,8,-29995,-29972,-29996,-29997,-29997,-29998]} 1. d4 Nf6 2. e3 g6 3. Bd3 d5 4. Nd2 Bg7 5. f4 Bg4 6. Ngf3 {D00: 1 d4 d5: Unusual lines.} Nbd7 7. O-O c5 8. c3 {The position is equal.} e6 9. Qe1 Bxf3 {[#]} 10. Rxf3 $146 ({Predecessor:} 10. Nxf3 O-O 11. Qh4 Ne4 12. Qxd8 Rfxd8 13. Bxe4 dxe4 14. Nd2 f5 15. Nb3 Rac8 16. Bd2 {0-1 (32) Pusec,P-Sarmir,M Slovakia 1996}) 10... Qb6 11. Kh1 a6 12. a4 Qc6 13. e4 dxe4 14. Nxe4 O-O 15. dxc5 Nxc5 16. Nxc5 Qxc5 17. Be3 Qd5 18. Qe2 Rac8 19. a5 Rfd8 20. Bb6 Rd7 21. c4 Qh5 (21... Qd6 $11) 22. Rb1 $14 Re8 23. c5 (23. Bc2 $14) 23... e5 $11 24. fxe5 Rxe5 25. Qc2 {Strongly threatening c6.} Rde7 (25... Ng4 $11 {keeps the balance.} 26. h3 Ne3) 26. c6 $36 {[%mdl 2048] White is in control.} bxc6 ({Don't go for} 26... Ng4 $2 27. h3 $18) 27. Qxc6 Ng4 (27... Ne4 $16) 28. h3 $18 {Black must now prevent Qc8+.} Re1+ $2 (28... R5e6 {might work better.} 29. Qc8+ Re8 30. Qxa6 Ne5) 29. Rxe1 Rxe1+ 30. Rf1 Rxf1+ 31. Bxf1 Qf5 (31... Nf6 $142 32. Bxa6 Qe5) 32. Qa8+ Bf8 33. Qf3 ({Worse is} 33. hxg4 Qxf1+ 34. Kh2 Qc4 $15) 33... Qxf3 34. gxf3 {[%mdl 4096] Endgame KBB-KBN} Ne5 35. Kg2 $2 (35. Bxa6 $18 {is the precise move to win. Hoping for Bb5.} Nd7 36. Bg1) 35... Nd7 $2 {[#]} (35... Nc6 $16) 36. Bc7 $1 ({Not} 36. Bxa6 Nxb6 37. axb6 Bd6 $14) 36... Nc5 {If Black can now play ...Ne6 this consolidates a bit.} 37. Bb6 $2 ({White should try} 37. Kf2 $18) 37... Nd7 $1 $14 38. Bc7 $2 (38. Bd8 $14 Nb8 39. Bc7) 38... Nc5 $18 {and the idea ...Ne6 leaves Black hopeful.} 39. b4 $2 (39. Kf2 $18) 39... Ne6 $14 40. Bb6 Bxb4 $2 (40... Nf4+ $11 41. Kg3 Nd5) 41. Bxa6 $18 Nf4+ {[#]} 42. Kg3 ({Better is} 42. Kf1 $1 $18) 42... Bd6 (42... Nd5 $16) 43. Bc4 $2 (43. Kf2 $18) 43... Nd5+ $1 $11 44. Kg4 $2 {[%mdl 8192]} (44. Kg2 $11 Nxb6 45. axb6) 44... h5+ {Black mates.} 45. Kg5 Bf4+ 46. Kh4 Nf6 {[%csl Gf4][%cal Rg6g5] Weighted Error Value: White=0.63/Black=0.35} 0-1

[Event "FIDE WAC U2000 2021"]
[Site "Rhodes"]
[Date "2021.10.18"]
[Round "2.4"]
[White "Celik, Berkay"]
[Black "Mandukhai, Myagmarsuren"]
[Result "1-0"]
[WhiteElo "1846"]
[BlackElo "1966"]
[Annotator "TA"]
[PlyCount "54"]
[EventDate "2021.10.17"]
[EventType "swiss"]
[EventCountry "GRE"]
[SourceTitle "playchess.com"]
[Source "ChessBase"]
[SourceQuality "1"]

{[%evp 9,54,0,28,48,53,76,181,183,579,579,585,287,277,277,901,904,1076,1063,1044,1044,1802,1812,1785,1798,1798,1739,1535,1243,1181,1164,1257,1254,1406,1245,1744,1711,2675,2725,8916,6122,6414,6407,6399,6387,29979,29980,29996]} 1. e4 e5 2. Nc3 Nc6 3. Bc4 Nf6 4. d3 Bc5 5. f4 d5 6. Nxd5 {C28: Vienna Game: 2...Nf6 3 Bc4 Nc6.} Ng4 {...Nf2 is the strong threat.} 7. f5 $1 {[#]} Nf2 $146 (7... h5 $16) ({Predecessor:} 7... h5 8. Nh3 Na5 9. b4 Nxc4 10. bxc5 c6 11. dxc4 cxd5 12. cxd5 Qa5+ 13. Qd2 Qxc5 {½-½ (47) Amdouni,Z (2218)-Nyback,T (2579) Batumi 2018}) 8. Qh5 $18 {White is clearly better.} Na5 $2 {[#]} (8... Nxh1 {is more resistant.} 9. Bg5 g6 $1 {[%mdl 512]}) 9. Bg5 $1 {[%mdl 512]} Qd7 {[#]} 10. Nf3 $1 {[%mdl 512]} Nxc4 11. dxc4 Qd6 {[#]} (11... Nxh1 $2 {loses.} 12. Nxe5 Bd6 13. Nxd7 $18) (11... Nxe4 12. Nxe5 Qxf5 13. Nxc7+ {[%mdl 64] Double Attack} Kf8) 12. Be7 $1 {[%mdl 512]} Qh6 (12... Qxe7 13. Nxe7) 13. Qxh6 gxh6 14. Bxc5 Nxh1 15. Nf6+ Kd8 16. O-O-O+ Bd7 17. Nxe5 Kc8 18. Nexd7 b6 19. Be3 Kb7 20. Rxh1 a5 21. e5 Rad8 22. Bxh6 c5 23. e6 fxe6 24. fxe6 Kc6 25. e7 Rxd7 26. Nxd7 {White wants to mate with Nf8.} Kxd7 27. Bf8 Kd6 {Black got outplayed after the opening.  Weighted Error Value: White=0.58/Black=1.90} 1-0

[Event "FIDE WAC U2000 2021"]
[Site "Rhodes"]
[Date "2021.10.18"]
[Round "2.5"]
[White "Bozinovic, Boban"]
[Black "Tarnowska, Aleksandra"]
[Result "0-1"]
[WhiteElo "1963"]
[BlackElo "1841"]
[Annotator "TA"]
[PlyCount "101"]
[EventDate "2021.10.17"]
[EventType "swiss"]
[EventCountry "GRE"]
[SourceTitle "playchess.com"]
[Source "ChessBase"]
[SourceQuality "1"]

{[%evp 15,101,24,43,14,3,0,0,0,0,0,0,-1,14,0,0,3,0,-9,0,-33,-21,-25,-17,-328,-338,-352,-342,-349,-346,-434,-395,-387,-400,-408,-393,-669,-652,-625,-623,-618,-525,-1062,-447,-553,-133,-129,-132,-121,-107,-142,-73,-605,-539,-599,-591,-635,-631,-576,-562,-577,-562,-825,-816,-747,-733,-706,-693,-898,-856,-1050,-1050,-1050,-1050,-902,-889,-868,-829,-29987,-29982,-29987,-29979,-29979,-29976,-29978,-29978,-29976,-29977,-29975]} 1. e4 c5 2. Nf3 e6 3. d4 cxd4 4. Nxd4 a6 5. Bd3 Bc5 6. Nb3 Ba7 7. O-O Nc6 8. Qe2 d6 9. a4 {B42: Sicilian: Kan Variation: 5 Bd3.} Nf6 10. a5 {[#]} e5 $146 ({Predecessor:} 10... O-O 11. Nc3 Bb8 12. Bg5 h6 13. Bh4 g5 14. Bg3 e5 15. Nd5 Ba7 16. Nxf6+ Qxf6 {0-1 (67) Olivier,J (2377)-Vovk,A (2522) Vaujany 2010}) 11. Be3 {The position is equal.} Bxe3 12. Qxe3 Ng4 13. Qg3 h5 14. h3 h4 15. Qf3 Nf6 16. Qe3 Nh5 17. Nc3 Nf4 {[#] And now ...Qg5! would win.} 18. Nd5 Qg5 {[%csl Gf4][%cal Rg5g2]} 19. Nxf4 {[%mdl 8192]} (19. Qf3 $1 $11 {and White has nothing to worry.}) 19... exf4 $19 20. Qd2 ({But not} 20. Qf3 $2 Ne5 $19) 20... Bxh3 $1 {[%csl Gh3][%cal Rg5g2]} 21. f3 Be6 22. Kh1 Rh5 23. Rg1 h3 {[%csl Gg5][%cal Rh3g2]} 24. g4 fxg3 25. f4 $2 (25. Qxg5 Rxg5 26. Be2) 25... g2+ 26. Kh2 Qf6 27. Nc1 Nd4 {( -> ...Nf3+!)} 28. Qe3 Rh4 (28... Bg4 $142 {aiming for ...Nf3+.} 29. Be2 Bxe2 30. Nxe2 Nxe2 {[%mdl 64] Discovered Attack}) 29. c3 g5 $2 30. cxd4 $17 gxf4 31. Qf2 f3 32. Ne2 {[#]} Ke7 (32... Rg4 $142 $1 {Strongly threatening ...Rc8.} 33. Ra3 Ke7 34. Bxa6 fxe2 35. Qxf6+ Kxf6 36. Bxb7 Rag8 37. e5+ {[%mdl 64] Decoy} dxe5 38. dxe5+ Kxe5 39. Re3+ Kd6 40. Rxe2 Kc7) 33. Qg3 $2 {[%mdl 8192]} fxe2 34. e5 Qf4 35. exd6+ Kxd6 {White must now prevent ...Qxg3+.} 36. Qxf4+ Rxf4 37. Bxe2 Rxd4 38. Rad1 Rxd1 39. Rxd1+ $19 {[%mdl 4096] Endgame KRB-KRB} Ke7 40. Bf3 Rb8 41. Re1 b6 42. axb6 Rxb6 43. Re2 Kf6 44. Be4 Rd6 45. Bc2 Rc6 46. Kg1 Kg5 {Black mates.} 47. Rf2 Kg4 48. Kh2 Rc5 49. Rd2 Bf5 50. Bd1+ Kg5 51. Rd8 {Weighted Error Value: White=1.00/Black=0.63} 0-1